Score 0/30 Timer 06:00
1 Play Today
% Correct
Auto
84.9%
Alive
84.6%
Angry
83.8%
Assassin's
83.7%
Animal
78.4%
Asylum
75%
Agent
72.5%
Alpha
66.7%
Aladdin
66.5%
Academy
59.6%
Awakening
58.8%
Alliance
58.7%
Adventure
58%
Attorney
57.9%
Alert
57.8%
% Correct
Among
57.6%
Automata
52.2%
Abe's
51%
All-Stars
50.2%
Alex
49.9%
Alan
48.4%
Air
46.2%
Altered
45.7%
Arsenal
45.6%
Architect
45.2%
Age
40.8%
Advance
32.4%
Art
32.1%
Alley
29.2%
Ark
19.3%
Remove Ads.
Support Sporcle.
Get the best of Sporcle when you Go Orange. This ad-free experience offers more features, more stats, and more fun while also helping to support Sporcle. Thank you for becoming a member.

You're not logged in!

Compare scores with friends on all Sporcle quizzes.
OR
Log In

Sporcle TV

Today on Sporcle TV


Watch our educational content, quiz creation guides, and fun videos on Sporcle TV.

Show Comments

Extras

Top Quizzes Today


Score Distribution

Paid Content

Your Account Isn't Verified!

In order to create a playlist on Sporcle, you need to verify the email address you used during registration. Go to your Sporcle Settings to finish the process.

Report this User

Report this user for behavior that violates our Community Guidelines.

Details: